书目信息 |
| 题名: |
环境·态度·行为
|
|
| 作者: | 张彦 著 | |
| 分册: | ||
| 出版信息: | 北京 社会科学文献出版社 2020.02 |
|
| 页数: | 231页 | |
| 开本: | 23cm | |
| 丛书名: | 中国工作环境研究丛书 | |
| 单 册: | ||
| 中图分类: | X322.2 | |
| 科图分类: | ||
| 主题词: | 企业环境管理--qi ye huan jing guan li--研究--中国 | |
| 电子资源: | ||
| ISBN: | 978-7-5201-5433-8 | |
| 000 | 01689nam 2200313 450 | |
| 001 | 0100015807 | |
| 005 | 20201009150355.0 | |
| 010 | @a978-7-5201-5433-8@dCNY89.00 | |
| 100 | @a20200506d2020 em y0chiy50 ea | |
| 101 | 0 | @achi |
| 102 | @aCN@b110000 | |
| 105 | @aa a 000yy | |
| 106 | @ar | |
| 200 | 1 | @a环境·态度·行为@Ahuan jing · tai du ·xing wei@e中国企业工作环境的实证数据分析@d= environments, behaviors and social attitudes@ean empirical analysis on Chinese working conditions in enterprises@f张彦著@zeng |
| 210 | @a北京@c社会科学文献出版社@d2020.02 | |
| 215 | @a231页@c图@d23cm | |
| 225 | 2 | @a中国工作环境研究丛书@Azhong guo gong zuo huan jing yan jiu cong shu |
| 306 | @a本书由信阳师范学院资助出版 | |
| 314 | @a张彦, 西南大学副教授, 中国社会科学院社会学研究所社会学博士, 中国社会科学院工业经济研究所博士后。 | |
| 320 | @a有书目 (第177-231页) | |
| 330 | @a本书的逻辑落脚点将落在中国的工作环境指标如何勾连组织个体行为、态度与组织结构以及制度安排。本书在对比分析数据的基础上, 深入浅出地呈现中国员工工作环境内关于组织个体行为互动的事实, 探寻行为与工作环境互动的结构性因素以及影响因素。带领读者对中国企业的工作环境变化、工作领域内发生的个体组织社会心理变迁产生进一步的关注和兴趣。 | |
| 410 | 0 | @12001 @a中国工作环境研究丛书 |
| 510 | 1 | @aEnvironments, behaviors and social attitudes@ean empirical analysis on Chinese working conditions in enterprises@zeng |
| 517 | 1 | @a中国企业工作环境的实证数据分析@Azhong guo qi ye gong zuo huan jing de shi zheng shu ju fen xi |
| 606 | 0 | @a企业环境管理@Aqi ye huan jing guan li@x研究@y中国 |
| 690 | @aX322.2@v5 | |
| 701 | 0 | @a张彦@Azhang yan@4著 |
| 801 | 0 | @aCN@c20201009 |
| 905 | @a河南城建学院图书馆@dX322.2@eZ225@f1 | |
| 环境·态度·行为:中国企业工作环境的实证数据分析= environments, behaviors and social attitudes:an empirical analysis on Chinese working conditions in enterprises/张彦著.-北京:社会科学文献出版社,2020.02 |
| 231页:图;23cm.-(中国工作环境研究丛书) |
| ISBN 978-7-5201-5433-8:CNY89.00 |
| 本书的逻辑落脚点将落在中国的工作环境指标如何勾连组织个体行为、态度与组织结构以及制度安排。本书在对比分析数据的基础上, 深入浅出地呈现中国员工工作环境内关于组织个体行为互动的事实, 探寻行为与工作环境互动的结构性因素以及影响因素。带领读者对中国企业的工作环境变化、工作领域内发生的个体组织社会心理变迁产生进一步的关注和兴趣。 |
| ● |
| 相关链接 |
|
|
|
正题名:环境·态度·行为
索取号:X322.2/Z225
 
预约/预借
| 序号 | 登录号 | 条形码 | 馆藏地/架位号 | 状态 | 备注 |
| 1 | 1495031 | 214950310 | 自科库501/501自科库 66排7列2层/ [索取号:X322.2/Z225] | 在馆 |